<?xml version="1.0" encoding="UTF-8"?>
<marc:record xmlns:marc="http://www.loc.gov/MARC21/slim">
   <marc:leader>00000nam a2200000 a 4500</marc:leader>
   <marc:datafield ind1=" " ind2=" " tag="653">
      <marc:subfield code="a">Technik</marc:subfield>
   </marc:datafield>
   <marc:datafield ind1=" " ind2=" " tag="653">
      <marc:subfield code="a">Handwerk</marc:subfield>
   </marc:datafield>
   <marc:datafield ind1=" " ind2=" " tag="653">
      <marc:subfield code="a">Landbau</marc:subfield>
   </marc:datafield>
   <marc:datafield ind1="0" ind2="0" tag="245">
      <marc:subfield code="a">Landbau und Handwerk</marc:subfield>
   </marc:datafield>
   <marc:datafield ind1="0" ind2="0" tag="245">
      <marc:subfield code="b">750 v. Chr. bis 1000 n. Chr.</marc:subfield>
   </marc:datafield>
   <marc:datafield ind1=" " ind2="1" tag="264">
      <marc:subfield code="b">Propyläen</marc:subfield>
      <marc:subfield code="c">1997</marc:subfield>
   </marc:datafield>
   <marc:datafield ind1="1" ind2=" " tag="520">
      <marc:subfield code="a">Diese durchgehend als gut lesbar und reichhaltig bebildert eingeschätzte, umfangreiche Technikgeschichte (ID 12/92; 6/93; 6/92; 5/91; 11/93, damals zusammen DM 1240,00) wird jetzt zu einem sensationell günstigen Preis angeboten, so dass eine Anschaffung schon für mittlere Bibliotheken interessant ist, zumal sich die Darstellung nicht nur an Fachleute wendet, sondern auch dem interessierten Laien viel bietet. Alle Bände mit ausführlicher Bibliographie und Personen- sowie Sachregister. Band 1 behandelt die Antike und das frühe Mittelalter. (2)</marc:subfield>
   </marc:datafield>
   <marc:datafield ind1="3" ind2=" " tag="024">
      <marc:subfield code="a">354905632X</marc:subfield>
   </marc:datafield>
</marc:record>
